Electronic systems maintenance handbook / (Record no. 60735)
[ view plain ]
| 000 -LEADER | |
|---|---|
| fixed length control field | 03185cam a22003734a 4500 |
| 001 - CONTROL NUMBER | |
| control field | 12540079 |
| 003 - CONTROL NUMBER IDENTIFIER | |
| control field | NUST-PNEC |
| 005 - DATE AND TIME OF LATEST TRANSACTION | |
| control field | 20170116180706.0 |
| 008 - FIXED-LENGTH DATA ELEMENTS--GENERAL INFORMATION | |
| fixed length control field | 010920s2002 flua bf 001 0 eng |
| 010 ## - LIBRARY OF CONGRESS CONTROL NUMBER | |
| LC control number | 2001043885 |
| 020 ## - INTERNATIONAL STANDARD BOOK NUMBER | |
| International Standard Book Number | 0849383544 |
| 040 ## - CATALOGING SOURCE | |
| Original cataloging agency | DLC |
| Transcribing agency | PNEC |
| 042 ## - AUTHENTICATION CODE | |
| Authentication code | pcc |
| 050 00 - LIBRARY OF CONGRESS CALL NUMBER | |
| Classification number | TK7870 |
| Item number | .E212 2002 |
| 082 00 - DEWEY DECIMAL CLASSIFICATION NUMBER | |
| Classification number | 621.381'0288 WHI |
| Edition number | 21 |
| 100 ## - MAIN ENTRY--PERSONAL NAME | |
| 9 (RLIN) | 352 |
| Personal name | Whitaker, Jerry C. |
| 245 00 - TITLE STATEMENT | |
| Title | Electronic systems maintenance handbook / |
| Statement of responsibility, etc. | edited by Jerry C. Whitaker. |
| 250 ## - EDITION STATEMENT | |
| Edition statement | 2nd ed. |
| 260 ## - PUBLICATION, DISTRIBUTION, ETC. | |
| Place of publication, distribution, etc. | Boca Raton : |
| Name of publisher, distributor, etc. | CRC Press, |
| Date of publication, distribution, etc. | c2002. |
| 300 ## - PHYSICAL DESCRIPTION | |
| Extent | 1 v. (various pagings) : |
| Other physical details | ill. ; |
| Dimensions | 27 cm. |
| 440 #0 - SERIES STATEMENT/ADDED ENTRY--TITLE | |
| Title | Electronics handbook series |
| 500 ## - GENERAL NOTE | |
| General note | Includes Index http://www.amazon.com/Electronic-Systems-Maintenance-Handbook-Electronics/dp/0849383544/ref=sr_1_1?s=books&ie=UTF8&qid=1411551076&sr=1-1&keywords=0849383544 |
| 504 ## - BIBLIOGRAPHY, ETC. NOTE | |
| Bibliography, etc. note | Includes bibliographical references and index. |
| 505 8# - FORMATTED CONTENTS NOTE | |
| Formatted contents note | Machine generated contents note: 1 Probability and Statistics -- Allan White and Hagbae Kim 2 Electronic Hardware Reliability -- Michael Pecht and luliana Bordelon 3 Software Reliability -- Carol Smidts 4 Thermal Properties -- David F. Besch 5 Heat Management -- Zbigniew Staszak 6 Shielding and EMI Considerations -- Don White 7 Resistors and Resistive Materials -- Jerry C. Whitaker 8 Capacitance and Capacitors-- Jerry C. Whitaker 9 Inductors and Magnetic Properties -- Jerry C. Whitaker 10 Printed Wiring Boards-- Ravindranath Kollipara and Vijai Tripathi --11 Hybrid Microelectronics Technology -- Jerry E. Sergent 12 Surface Mount Technology-- Glenn R. Blackwell 13 Semiconductor Failure Modes-- Jerry C. Whitaker 14 Power System Protection Alternatives -- Jerry C. Whitaker 15 Facility Grounding -- Jerry C. Whitaker 16 Network Switching Concepts -- Tsong-Ho Wu 17 Network Communication-- James E. Goldman 18 Data Acquisition -- Edward McConnell and Dave Jernigan 19 Computer-Based Circuit Simulation -- BashirAl-Hashimi 20 Audio Frequency Distortion Mechanisms and Analysis-- Jerry C. Whitaker 21 Video Display Distortion Mechanisms and Analysis-- Jerry C. Whitaker 22 Radio Frequency Distortion Mechanisms and Analysis-- Samuel 0. Agbo 23 Digital Test Equipment and Measurement Systems-- Jerry C. Whitaker -- 24 Fourier Waveform Analysis -- Jerry C. Hamann and John W. Pierre 25 Computer-Based Signal Analysis -- Rodger E. Ziemer 26 Systems Engineering Concepts-- Gene DeSantis 27 Disaster Planning and Recovery -- Richard Rudman 28 Safety and Protection Systems -- Jerry C. Whitaker 29 Conversion Tables. |
| 650 #0 - SUBJECT ADDED ENTRY--TOPICAL TERM | |
| Topical term or geographic name entry element | Electronic systems |
| General subdivision | EL, EE |
| Form subdivision | Handbooks, manuals, etc. |
| 650 #0 - SUBJECT ADDED ENTRY--TOPICAL TERM | |
| Topical term or geographic name entry element | Electronic systems |
| General subdivision | Reliability |
| Form subdivision | Handbooks, manuals, etc. |
| 700 1# - ADDED ENTRY--PERSONAL NAME | |
| Personal name | Whitaker, Jerry C. |
| 730 0# - ADDED ENTRY--UNIFORM TITLE | |
| Uniform title | Maintaining electronic systems. |
| 856 41 - ELECTRONIC LOCATION AND ACCESS | |
| Materials specified | Table of contents only |
| Uniform Resource Identifier | <a href="http://www.loc.gov/catdir/toc/fy031/2001043885.html">http://www.loc.gov/catdir/toc/fy031/2001043885.html</a> |
| 856 42 - ELECTRONIC LOCATION AND ACCESS | |
| Materials specified | Publisher description |
| Uniform Resource Identifier | <a href="http://www.loc.gov/catdir/enhancements/fy0646/2001043885-d.html">http://www.loc.gov/catdir/enhancements/fy0646/2001043885-d.html</a> |
| 906 ## - LOCAL DATA ELEMENT F, LDF (RLIN) | |
| a | 7 |
| b | cbc |
| c | orignew |
| d | 1 |
| e | ocip |
| f | 20 |
| g | y-gencatlg |
| 942 ## - ADDED ENTRY ELEMENTS (KOHA) | |
| Source of classification or shelving scheme | |
| Koha item type | Book |
| Withdrawn status | Lost status | Source of classification or shelving scheme | Damaged status | Not for loan | Permanent Location | Current Location | Shelving location | Date acquired | Source of acquisition | Cost, normal purchase price | Total Checkouts | Full call number | Barcode | Date last seen | Cost, replacement price | Price effective from | Koha item type |
|---|---|---|---|---|---|---|---|---|---|---|---|---|---|---|---|---|---|
| Pakistan Navy Engineering College (PNEC) | Pakistan Navy Engineering College (PNEC) | Reference | 07/18/2005 | Royal Book Company | 8805.00 | 621.381'0288 WHI | PNECLIB-027510 | 09/24/2014 | 8805.00 | 07/18/2005 | Book |
